000 00840nam a2200253Ia 4500
003 OSt
005 20221005103416.0
006 a|||||r|||| 00| 0
007 ta
008 221004b |||||||| |||| 00| 0 hin d
024 _a29932
037 _cTextual
040 _aCRL
_cCRL
_bhin
041 _2hin
_ahin
082 _aW,8, 152N7
100 _aदेशमुख, नीलिमा
245 0 _aराजनीति और प्रशासन
246 _aRājanīti aur prashāsana
260 _aजयपुर
_bकॉलेज बुक डिपो भारत
_c1987
300 _a189पृ.
_ccm.
700 _a पटनी, चन्द्रा
942 _hW,8, 152N7
_cTEXL
_2cc
999 _c1010013
_d1010013